000 00730nam a22002297a 4500
999 _c469
_d469
003 AR-CdUCM
008 190223b ||||| |||| 00| 0 eng d
020 _a9780446618328
040 _aMUNICIPALIDAD PROVINCIAL DEL CUSCO
_cBIBLIOTECA MUNICIPAL DEL CUSCO
082 _a813 /
_bSP73
100 _aSparks, Nicholas
_91851
245 _aThe Lucky One /
_cSparks, Nicholas
260 _aBoston :
_bBook Group,
_c1976.
300 _a384 paginas ;
_c21cm.
505 _aThe lucky one -- The last song -- The choice -- Dear John -- AT first sight...
650 _aThe guardian
_91852
650 _aThe wedding
_91853
650 _aThe rescue
_91854
650 _aThe notebook
_91855
942 _2ddc
_cLIBROS
945 _apjha
_d2019-02-23